000
00257nam a2200109Ia 4500
008
190914s9999||||xx |||||||||||||| ||und||
100
_a
Abdul waris
245
0
_a
Economics MCQs For O' Levels
260
_a
India
_b
Oxford
_c
2004
300
_a
156
942
_c
BK
999
_c
10021
_d
10021